Catálogo público

Elementos territoriales del desarrollo rural : (Record no. 217350)

MARC details
000 -CABECERA
campo de control de longitud fija 01089 a2200241 4500
003 - IDENTIFICADOR DEL NÚMERO DE CONTROL
campo de control OSt
005 - FECHA Y HORA DE LA ÚLTIMA TRANSACCIÓN
campo de control 20230322104917.0
008 - DATOS DE LONGITUD FIJA--INFORMACIÓN GENERAL
campo de control de longitud fija 220726s2016 mx a||||r|||| 00| 0 spa d
020 ## - NÚMERO INTERNACIONAL ESTÁNDAR DEL LIBRO
Número Internacional Estándar del Libro 9786079161286
040 ## - FUENTE DE LA CATALOGACIÓN
Centro/agencia transcriptor CHAP
082 04 - NÚMERO DE LA CLASIFICACIÓN DECIMAL DEWEY
Número de clasificación 333.953213097267
Número de documento/Ítem J56
Número de edición 22
100 1# - ENTRADA PRINCIPAL--NOMBRE DE PERSONA
9 (RLIN) 186427
Nombre de persona Jiménez Márquez, María del Pilar
245 10 - MENCIÓN DE TÍTULO
Título Elementos territoriales del desarrollo rural :
Resto del título el tejido productivo de vainilla en el sur de Quintana Roo, México /
Mención de responsabilidad, etc. por María del Pilar Jiménez Márquez, Héctor Manuel Cortez Yacila y Minerva Alavez San Pedro.
264 #1 - PRODUCCIÓN, PUBLICACIÓN, DISTRIBUCIÓN, FABRICACIÓN Y COPYRIGHT
Producción, publicación, distribución, fabricación y copyright México, D.F. :
-- Quintana Roo, México :
-- Tlaxcala, México :
Nombre del de productor, editor, distribuidor, fabricante Plaza y Valdés;
-- Universidad del Caribe;
-- El Colegio de Tlaxcala,
Fecha de producción, publicación, distribución, fabricación o copyright 2016.
300 ## - DESCRIPCIÓN FÍSICA
Extensión 102 páginas.
Otras características físicas cuadros, mapas.
504 ## - NOTA DE BIBLIOGRAFÍA, ETC.
Nota de bibliografía, etc. Incluye bibliografía.
650 #2 - PUNTO DE ACCESO ADICIONAL DE MATERIA--TÉRMINO DE MATERIA
9 (RLIN) 117209
Término de materia o nombre geográfico como elemento de entrada Vainilla
Subdivisión general Rendimiento
650 #2 - PUNTO DE ACCESO ADICIONAL DE MATERIA--TÉRMINO DE MATERIA
9 (RLIN) 186404
Término de materia o nombre geográfico como elemento de entrada Vainilla
Subdivisión general Aspectos económicos
Subdivisión geográfica Quintana Roo
650 #2 - PUNTO DE ACCESO ADICIONAL DE MATERIA--TÉRMINO DE MATERIA
9 (RLIN) 31988
Término de materia o nombre geográfico como elemento de entrada Desarrollo de la comunidad
Subdivisión geográfica Quintana Roo
700 1# - PUNTO DE ACCESO ADICIONAL--NOMBRE DE PERSONA
9 (RLIN) 185211
Nombre de persona Cortez Yacila, Héctor Manuel
700 1# - PUNTO DE ACCESO ADICIONAL--NOMBRE DE PERSONA
9 (RLIN) 186428
Nombre de persona Alavez San Pedro, Minerva
942 ## - ELEMENTOS DE PUNTO DE ACCESO ADICIONAL (KOHA)
Fuente del sistema de clasificación o colocación Dewey Decimal Classification
Tipo de ítem Koha Libro
Holdings
Estado de retiro Estado de pérdida Fuente del sistema de clasificación o colocación Estado dañado Restricciones de uso No para préstamo Código de colección Localización permanente Ubicación/localización actual Ubicación en estantería Fecha de adquisición Total de préstamos Signatura topográfica completa Código de barras Fecha visto por última vez Precio válido a partir de Tipo de ítem Koha Número de copia
    Dewey Decimal Classification   Préstamo 15 días   General Biblioteca Central Biblioteca Central Planta alta - Colección General 16/03/2023   333.953213097267 J56 33724002566538 16/03/2023 16/03/2023 Libro  
    Dewey Decimal Classification   Préstamo 15 días   General Biblioteca Central Biblioteca Central Planta alta - Colección General 16/03/2023   333.953213097267 J56 33724002566496 16/03/2023 16/03/2023 Libro c.2